Diplomatari de Sant Pere i Santa Maria d'Egara, Terrassa, 958-1207 / edició a cura de Pere Puig i Ustrell, Vicenç Ruiz i Gómez, Joan Soler i Jiménez
ISBN:
84-7935-861-0
Descripción Física:
607 p. ; 24 cm
Colección:
Diplomataris ; 24
Otros Autores:
Puig i Ustrell, Pere, ed
,
Ruiz Gómez, Vicenç
,
Soler i Jiménez, Joan, ed. I
,
Fundació Noguera
MARC
| LEADER | 00000nam a2200000Ia 4500 | ||
|---|---|---|---|
| 001 | 13547 | ||
| 008 | 160829s2001 xx 000 0 cat d | ||
| 020 | |a 84-7935-861-0 | ||
| 080 | |a H-2-123 | ||
| 245 | |a Diplomatari de Sant Pere i Santa Maria d'Egara, Terrassa, 958-1207 / edició a cura de Pere Puig i Ustrell, Vicenç Ruiz i Gómez, Joan Soler i Jiménez | ||
| 260 | |a Barcelona : |b Fundació Noguera ; Lleida : |b Pagès, |c 2001 | ||
| 300 | |a 607 p. ; |c 24 cm | ||
| 490 | |a Diplomataris ; 24 | ||
| 590 | |a Notes, referències bibliogràfiques, bibliografia. | ||
| 590 | |a Índex | ||
| 650 | |a Esglésies de Sant Pere (Terrassa) |x Història |x 958/1207 |x Fonts |9 27993 | ||
| 700 | |a Puig i Ustrell, Pere, ed. |9 27994 |e editor literari | ||
| 700 | 1 | |a Ruiz Gómez, Vicenç |e editor literari |9 49716 | |
| 700 | |a Soler i Jiménez, Joan, ed. I |9 27996 |e editor literari | ||
| 700 | |a Fundació Noguera |9 70407 | ||
| 901 | |a Arxiu | ||
| 942 | |n 1 |2 udc | ||
| 952 | |0 0 |1 0 |4 0 |6 H2123 |7 1 |9 44627 |a Arxiu |b Arxiu |d 2016-12-01 |l 0 |o H-2-123 |p 13547 |r 2016-12-01 00:00:00 |w 2016-12-01 |y ARXIU | ||
| 999 | |c 47208 |d 47208 | ||